ՀՀ Գիտությունների ազգային ակադեմիայի հիմնարար գիտական գրադարան  =   Fundamental Scientific Library of NAS RA

Սոխակ Հայաստանի : (Record no. 109075)

MARC details
000 -LEADER
fixed length control field 00713nam a2200205 a 4500
001 - CONTROL NUMBER
control field 000297070
003 - CONTROL NUMBER IDENTIFIER
control field AM-YeHGA
005 - DATE AND TIME OF LATEST TRANSACTION
control field 20250618071924.0
008 - FIXED-LENGTH DATA ELEMENTS--GENERAL INFORMATION
fixed length control field 031223s1902 aj r 000 0 arm d
040 ## - CATALOGING SOURCE
Original cataloging agency AM-YeHGA
041 0# - LANGUAGE CODE
Language code of text/sound track or separate title arm
090 ## - LOCALLY ASSIGNED LC-TYPE CALL NUMBER (OCLC); LOCAL CALL NUMBER (RLIN)
-- 110407
245 00 - TITLE STATEMENT
Title Սոխակ Հայաստանի :
Remainder of title Ազգային լիակատար երգարան.
250 ## - EDITION STATEMENT
Edition statement 5-րդ տպագր.
260 ## - PUBLICATION, DISTRIBUTION, ETC.
Place of publication, distribution, etc. Բագու :
Name of publisher, distributor, etc. տպ. Ա. Ղասաբեան,
Date of publication, distribution, etc. 1902.
300 ## - PHYSICAL DESCRIPTION
Extent Հ. ;
Dimensions 22 սմ.
505 10 - FORMATTED CONTENTS NOTE
Miscellaneous information Հտ. Ա. (5-րդ տպագր., 1902, 382 էջ) /
Statement of responsibility Հրատ.՝ Գր. աւագ քահանայ Գրիգորեանց.
650 14 - SUBJECT ADDED ENTRY--TOPICAL TERM
Topical term or geographic name entry element Երգարան
9 (RLIN) 4590
700 1# - ADDED ENTRY--PERSONAL NAME
Personal name Գրիգորեանց, Գրիգոր
Relator term հրատ.
Relationship pbl
Holdings
Withdrawn status Lost status Damaged status Not for loan Collection Home library Current library Date acquired Serial enumeration / chronology Total checkouts Full call number Barcode Date last seen Price effective from Koha item type Public note
        General Fundamental Scientific Library Fundamental Scientific Library 22/12/2016 1   AII/30392 220030392 22/12/2016 22/12/2016 Գրքեր / Books 30 Days Loan


ՀՀ ԳԱԱ հիմնարար գիտական գրադարան
ՀՀ,Երևան 0019
Մարշալ Բաղրամյան 24/6
հեռախոս:(374-10) 52-47-50
Հետադարձ կապ

All site content, except where otherwise noted, is licensed under a
Creative Commons License